[Event "Prague op"]
[Site "Prague"]
[Date "2023.06.28"]
[Round "7"]
[White "Psyk, Radoslaw"]
[Black "Hollan, Martin"]
[Result "1-0"]
[WhiteElo "2417"]
[BlackElo "2349"]
[PlyCount "73"]
[EventDate "2023.06.22"]
[EventType "swiss"]
[EventRounds "9"]
[EventCountry "CZE"]
[SourceTitle "CBM 215 Extra"]
[Source "ChessBase"]
[SourceDate "2023.09.30"]
[SourceVersion "1"]
[SourceVersionDate "2023.09.30"]
[SourceQuality "1"]

1. e4 c5 2. Nf3 Nc6 3. Bb5 e6 4. Bxc6 bxc6 5. d3 Ne7 6. Nbd2 d6 7. e5 Nf5 8. 0-0 f6 9. exd6 Bxd6 10. Nc4 0-0 11. Nxd6 Qxd6 12. b3 Nd4 13. Nd2 e5 14. Ne4 Qd5 15. Ba3 Ne6 16. Qe1 Rd8 17. Qe3 Nd4 18. Rac1 f5 19. Nc3 f4 20. Nxd5 fxe3 21. Ne7+ Kh8 22. Rfe1 e4 23. fxe3 exd3 24. cxd3 Ne6 25. Nxc8 Raxc8 26. Red1 Rd5 27. e4 Rg5 28. Rf1 Rd8 29. Rc3 h6 30. Bc1 Rg6 31. Be3 Kg8 32. Rf5 Nd4 33. Bxd4 cxd4 34. Rc4 Rdd6 35. Ra4 Rg4 36. Rxa7 Rdg6 37. g3 1-0

[Event "Titled Tuesday intern op 06th Jun Late"]
[Site "Chess.com INT"]
[Date "2023.06.06"]
[Round "5"]
[White "Hollan, Martin"]
[Black "Novikov, Evgenij"]
[Result "1-0"]
[WhiteElo "2349"]
[BlackElo "2276"]
[PlyCount "79"]
[EventDate "2023.06.06"]
[EventType "swiss (blitz)"]
[EventRounds "11"]
[EventCountry "USA"]
[SourceTitle "EXT 2024"]
[Source "ChessBase"]
[SourceDate "2023.10.10"]
[SourceVersion "1"]
[SourceVersionDate "2023.10.10"]
[SourceQuality "1"]

1. b4 e5 2. Bb2 Bxb4 3. Bxe5 Nf6 4. e3 Nc6 5. Bb2 d6 6. Nf3 Bg4 7. Be2 0-0 8. 0-0 a5 9. h3 Bh5 10. d3 Re8 11. Nbd2 Bxd2 12. Qxd2 Qd7 13. Rab1 Nd5 14. e4 Nb6 15. Qc3 f6 16. Bc1 Bf7 17. a3 d5 18. Be3 dxe4 19. dxe4 Rxe4 20. Rfd1 Qe8 21. Bb5 Nc4 22. Bc5 Qe6 23. Re1 Re8 24. Rxe4 Qxe4 25. Re1 Qxe1+ 26. Nxe1 Nd6 27. Bxd6 cxd6 28. Nd3 Rc8 29. Bxc6 Rxc6 30. Qxa5 g6 31. Nb4 Rc5 32. Qd8+ Kg7 33. Qxd6 Re5 34. Qb6 Re1+ 35. Kh2 Ra1 36. Qxb7 Rxa3 37. Nc6 Kf8 38. Nd8 Ba2 39. Qb4+ Ke8 40. Qxa3 1-0

[Event "Titled Tuesday intern op 06th Jun Late"]
[Site "Chess.com INT"]
[Date "2023.06.06"]
[Round "6"]
[White "Hollan, Martin"]
[Black "Zakhartsov, Vladimir"]
[Result "0-1"]
[WhiteElo "2349"]
[BlackElo "2545"]
[PlyCount "58"]
[EventDate "2023.06.06"]
[EventType "swiss (blitz)"]
[EventRounds "11"]
[EventCountry "USA"]
[SourceTitle "EXT 2024"]
[Source "ChessBase"]
[SourceDate "2023.10.10"]
[SourceVersion "1"]
[SourceVersionDate "2023.10.10"]
[SourceQuality "1"]

1. b4 b5 2. e3 e6 3. Bxb5 Qg5 4. Bf1 Bxb4 5. Nf3 Qe7 6. Bb2 Nf6 7. Be2 Nc6 8. 0-0 Rb8 9. Nc3 e5 10. e4 0-0 11. Nd5 Nxd5 12. exd5 Bc5 13. Rb1 Nd4 14. Bxd4 Rxb1 15. Qxb1 exd4 16. Bd3 d6 17. c3 dxc3 18. Bxh7+ Kh8 19. Bd3 Bg4 20. dxc3 Bxf3 21. gxf3 Qg5+ 22. Kh1 Qxd5 23. Be4 Qe5 24. Qd3 Qf4 25. Rb1 g6 26. Kg2 Kg7 27. h3 Rh8 28. Rh1 Rh5 29. Kf1 Qc1+ 0-1

[Event "CZE-chT 2223"]
[Site "Czech Republic"]
[Date "2023.03.24"]
[Round "9.3"]
[White "Petr, Martin"]
[Black "Hollan, Martin"]
[Result "1-0"]
[WhiteElo "2495"]
[BlackElo "2350"]
[PlyCount "97"]
[EventDate "2022.10.15"]
[EventType "team-tourn"]
[EventRounds "11"]
[EventCountry "CZE"]
[SourceTitle "CBM 213 Extra"]
[Source "ChessBase"]
[SourceDate "2023.05.31"]
[SourceVersion "1"]
[SourceVersionDate "2023.05.31"]
[SourceQuality "1"]
[WhiteTeam "Ingem Line"]
[BlackTeam "Oaza Loznice.cz"]
[WhiteTeamCountry "CZE"]
[BlackTeamCountry "CZE"]

1. e4 c5 2. Nf3 Nc6 3. Bb5 e6 4. 0-0 Nge7 5. d4 cxd4 6. Nxd4 Ng6 7. Be2 Be7 8. c4 0-0 9. Nc3 Nxd4 10. Qxd4 b6 11. Be3 Bb7 12. Qd2 f5 13. exf5 Nh4 14. f3 Nxf5 15. Bf2 Bc5 16. Rad1 Bc6 17. Bd3 Qf6 18. Be4 Bb4 19. Bxc6 dxc6 20. Ne4 Bxd2 21. Nxf6+ gxf6 22. Rxd2 c5 23. g4 Ne7 24. Rd6 e5 25. Bh4 Kg7 26. Rd7 Rf7 27. f4 e4 28. Rfd1 Ng6 29. Bg3 Re8 30. f5 Ne5 31. Bxe5 Rxe5 32. Rxf7+ Kxf7 33. Kf2 e3+ 34. Kf3 Re7 35. b3 h5 36. h3 hxg4+ 37. hxg4 Kg7 38. Re1 Kh6 39. Rxe3 Rd7 40. Re8 Rd2 41. Rg8 Rxa2 42. Rg6+ Kh7 43. Rxf6 Ra3 44. Kf4 Kg8 45. Rc6 Rxb3 46. g5 a5 47. g6 Rb1 48. f6 Rf1+ 49. Ke3 1-0

[Event "CZE-chT 2223"]
[Site "Czech Republic"]
[Date "2023.02.19"]
[Round "8.1"]
[White "Miesbauer, Jan"]
[Black "Hollan, Martin"]
[Result "1/2-1/2"]
[WhiteElo "2427"]
[BlackElo "2350"]
[PlyCount "96"]
[EventDate "2022.10.15"]
[EventType "team-tourn"]
[EventRounds "11"]
[EventCountry "CZE"]
[SourceTitle "CBM 213 Extra"]
[Source "ChessBase"]
[SourceDate "2023.05.31"]
[SourceVersion "1"]
[SourceVersionDate "2023.05.31"]
[SourceQuality "1"]
[WhiteTeam "Praha Dopravni Podnik"]
[BlackTeam "Oaza Loznice.cz"]
[WhiteTeamCountry "CZE"]
[BlackTeamCountry "CZE"]

1. e4 e5 2. Nf3 Nc6 3. Bc4 d6 4. d4 Nf6 5. dxe5 dxe5 6. Nbd2 Bc5 7. c3 0-0 8. b4 Bb6 9. 0-0 Bg4 10. h3 Bh5 11. Qe2 Qe7 12. a4 a5 13. b5 Nb8 14. Nb3 Rd8 15. Ba3 Qe8 16. Rad1 Nbd7 17. Rd3 Bg6 18. Nfd2 Nh5 19. g3 Nf8 20. Kh2 Rxd3 21. Bxd3 Ne6 22. Rd1 Rd8 23. Bc2 Nf6 24. f3 Nd7 25. Nc4 Ra8 26. Qd2 Ndc5 27. Nxc5 Bxc5 28. Bxc5 Nxc5 29. Qd5 b6 30. Nxe5 Kh8 31. f4 Bh5 32. g4 f6 33. gxh5 fxe5 34. h6 gxh6 35. fxe5 Qf8 36. Qd2 Re8 37. Qg2 Qf4+ 38. Qg3 Qxe5 39. Qxe5+ Rxe5 40. Rd8+ Kg7 41. Rc8 Re7 42. Kg3 Kf6 43. Kf4 Ne6+ 44. Ke3 Rg7 45. Bb3 Rg3+ 46. Kd2 Rg2+ 47. Ke1 Nc5 48. Bd5 Rg7 1/2-1/2

[Event "CZE-chT1W 2223"]
[Site "Czech Republic"]
[Date "2023.02.12"]
[Round "8.3"]
[White "Nemec, Jachym"]
[Black "Hollan, Martin"]
[Result "1/2-1/2"]
[WhiteElo "2345"]
[BlackElo "2350"]
[PlyCount "110"]
[EventDate "2022.10.09"]
[EventType "team-tourn"]
[EventRounds "11"]
[EventCountry "CZE"]
[SourceTitle "CBM 213 Extra"]
[Source "ChessBase"]
[SourceDate "2023.05.31"]
[SourceVersion "1"]
[SourceVersionDate "2023.05.31"]
[SourceQuality "1"]
[WhiteTeam "Ricany Betsys II"]
[BlackTeam "Praha Oaza II"]
[WhiteTeamCountry "CZE"]
[BlackTeamCountry "CZE"]

1. d4 Nf6 2. c4 e6 3. g3 d5 4. Bg2 Bb4+ 5. Nd2 0-0 6. Ngf3 dxc4 7. Qc2 b5 8. a4 bxa4 9. 0-0 Bb7 10. Nxc4 Nbd7 11. Rd1 Nb6 12. Nfe5 Bxg2 13. Kxg2 Nxc4 14. Nxc4 a5 15. e4 Nd7 16. h4 Qe8 17. Bf4 f5 18. exf5 Rxf5 19. Ne3 Rf7 20. Qxa4 Nf6 21. Qxe8+ Rxe8 22. Rdc1 c5 23. dxc5 e5 24. Bg5 Ne4 25. Rc4 Nxc5 26. Nd1 Nd3 27. Be3 Rd7 28. Kf1 e4 29. b3 Kf7 30. Ke2 Re5 31. Ra2 h5 32. Nc3 Bxc3 33. Rxc3 Nb4 34. Ra4 Rb7 35. Rc4 Nd3 36. Rxe4 Rxe4 37. Rxe4 Rxb3 38. Ra4 Nb4 39. Rxa5 g6 40. Rb5 Rb2+ 41. Kf3 Nd3 42. Rd5 Ne1+ 43. Ke4 Rb4+ 44. Bd4 Nc2 45. Ke5 Nxd4 46. Rd7+ Kg8 47. Rxd4 Rb2 48. Kf6 Kh7 49. Rd7+ Kh6 50. f4 Rb3 51. Kf7 Kh7 52. Kf8+ Kh8 53. Rd6 Kh7 54. Rd7+ Kh8 55. Rd6 Kh7 1/2-1/2

[Event "Bassano del Grappa Vergani Cup"]
[Site "Bassano del Grappa"]
[Date "2023.02.03"]
[Round "4"]
[White "Hollan, Martin"]
[Black "Loiacono, Leonardo"]
[Result "1/2-1/2"]
[WhiteElo "2371"]
[BlackElo "2297"]
[PlyCount "47"]
[EventDate "2023.02.01"]
[EventType "swiss"]
[EventRounds "9"]
[EventCountry "ITA"]
[SourceTitle "CBM 212 Extra"]
[Source "ChessBase"]
[SourceDate "2023.03.31"]
[SourceVersion "1"]
[SourceVersionDate "2023.03.31"]
[SourceQuality "1"]

1. e4 e5 2. Nf3 Nc6 3. d4 exd4 4. Nxd4 Nxd4 5. Qxd4 Qf6 6. e5 Qb6 7. Be3 Qxd4 8. Bxd4 Ne7 9. Bc4 d5 10. exd6 Nf5 11. Bc3 Nxd6 12. Bb3 Bf5 13. Nd2 Nb5 14. 0-0-0 Nxc3 15. Rhe1+ Be7 16. bxc3 f6 17. Nf3 Rd8 18. Nd4 Bd7 19. Be6 g6 20. Bb3 Kf8 21. c4 Ba3+ 22. Kb1 Kg7 23. Re3 Rde8 24. Nb5 1/2-1/2

[Event "Basel Christmas op"]
[Site "Basel"]
[Date "2022.12.29"]
[Round "6"]
[White "Hollan, Martin"]
[Black "Fecker, Noah"]
[Result "1-0"]
[WhiteElo "2355"]
[BlackElo "2407"]
[PlyCount "67"]
[EventDate "2022.12.26"]
[EventType "swiss"]
[EventRounds "9"]
[EventCountry "SUI"]
[SourceTitle "EXT 2024"]
[Source "ChessBase"]
[SourceDate "2023.10.10"]
[SourceVersion "1"]
[SourceVersionDate "2023.10.10"]
[SourceQuality "1"]

1. e4 c6 2. d4 d5 3. e5 c5 4. dxc5 e6 5. Be3 Nd7 6. c4 Ne7 7. Nc3 Nf5 8. cxd5 Nxe3 9. fxe3 Bxc5 10. Nf3 exd5 11. Qxd5 0-0 12. 0-0-0 Bxe3+ 13. Kb1 Qb6 14. Qd6 Nc5 15. Nd5 Qxd6 16. exd6 Bh6 17. Ne7+ Kh8 18. Nxc8 Raxc8 19. Bc4 Nd7 20. Bb5 Nf6 21. Rhe1 a6 22. Ba4 b5 23. Bb3 Nd7 24. Re7 Rcd8 25. Rxf7 Rxf7 26. Bxf7 g5 27. Be6 Nc5 28. Bf5 Kg7 29. g4 Kf6 30. d7 Nb7 31. Nd4 Rh8 32. Re1 Bg7 33. Re8 Kf7 34. Ne6 1-0

[Event "Basel Christmas op"]
[Site "Basel"]
[Date "2022.12.27"]
[Round "2"]
[White "Hollan, Martin"]
[Black "Li, Dominique"]
[Result "1/2-1/2"]
[WhiteElo "2355"]
[BlackElo "2188"]
[PlyCount "98"]
[EventDate "2022.12.26"]
[EventType "swiss"]
[EventRounds "9"]
[EventCountry "SUI"]
[SourceTitle "EXT 2024"]
[Source "ChessBase"]
[SourceDate "2023.10.10"]
[SourceVersion "1"]
[SourceVersionDate "2023.10.10"]
[SourceQuality "1"]

1. e4 e5 2. Nf3 Nf6 3. Nc3 Nc6 4. a3 d5 5. exd5 Nxd5 6. Nxe5 Nxe5 7. Qe2 f6 8. d4 Nxc3 9. bxc3 Qe7 10. dxe5 Qxe5 11. Qxe5+ fxe5 12. Rb1 b6 13. a4 Bd7 14. Bb5 a6 15. Bxd7+ Kxd7 16. Be3 Kc6 17. Rd1 Be7 18. Ke2 Rad8 19. Rd3 Rd5 20. Rxd5 Kxd5 21. Rd1+ Kc6 22. c4 Rd8 23. Rxd8 Bxd8 24. Kd3 Kd6 25. c5+ Kd5 26. c4+ Ke6 27. Ke4 g6 28. f3 bxc5 29. Bxc5 c6 30. g4 Bc7 31. h3 Ba5 32. Kd3 Kf6 33. Bf2 Ke6 34. Bh4 Bb4 35. Bg5 Ba5 36. Ke4 Bc7 37. Be3 Kf6 38. Kd3 Ba5 39. Kc2 Ke6 40. Bc1 Bb4 41. Bb2 Ba5 42. Kd3 Bc7 43. Ke4 Bd6 44. Bc3 Bc7 45. Bb4 Kf6 46. Bc3 Ke6 47. Bb4 Kf6 48. Bc5 Ke6 49. Bb4 Kf6 1/2-1/2

[Event "Newcastle EJCOA 4th"]
[Site "Newcastle on Tyne"]
[Date "2022.10.26"]
[Round "5"]
[White "Hollan, Martin"]
[Black "Wadsworth, Matthew J"]
[Result "1/2-1/2"]
[WhiteElo "2350"]
[BlackElo "2467"]
[PlyCount "78"]
[EventDate "2022.10.24"]
[EventType "tourn"]
[EventRounds "9"]
[EventCountry "ENG"]
[EventCategory "3"]
[SourceTitle "EXT 2024"]
[Source "ChessBase"]
[SourceDate "2023.10.10"]
[SourceVersion "1"]
[SourceVersionDate "2023.10.10"]
[SourceQuality "1"]

1. e4 c5 2. Nf3 e6 3. d4 cxd4 4. Nxd4 Nc6 5. Nc3 Qc7 6. Be3 a6 7. g4 b5 8. Nxc6 Qxc6 9. Qd2 b4 10. Ne2 Qxe4 11. Rg1 Qc4 12. Nf4 Qc7 13. 0-0-0 Bb7 14. Bb6 Qc6 15. Bg2 Qc8 16. Bxb7 Qxb7 17. Rge1 Be7 18. Bd4 Nf6 19. g5 Nd5 20. Nh5 0-0-0 21. Bxg7 Rhg8 22. h4 Kb8 23. Bf6 Bxf6 24. Nxf6 Nxf6 25. Qf4+ Ka8 26. Qxf6 d5 27. Qd4 Rc8 28. Qd3 a5 29. Kb1 a4 30. f4 Rc4 31. f5 b3 32. cxb3 axb3 33. fxe6 fxe6 34. axb3 Rc6 35. Rc1 Ra6 36. Rc7 Qb6 37. Rec1 Qa5 38. R1c5 Qe1+ 39. Rc1 Qa5 1/2-1/2

[Event "CZE-chT 2223"]
[Site "Czech Republic"]
[Date "2022.10.15"]
[Round "1.3"]
[White "Pechac, Jergus"]
[Black "Hollan, Martin"]
[Result "1-0"]
[WhiteElo "2633"]
[BlackElo "2350"]
[PlyCount "69"]
[EventDate "2022.10.15"]
[EventType "team-tourn"]
[EventRounds "11"]
[EventCountry "CZE"]
[SourceTitle "CBM 210 Extra"]
[Source "ChessBase"]
[SourceDate "2022.11.30"]
[SourceVersion "1"]
[SourceVersionDate "2022.11.30"]
[SourceQuality "1"]
[WhiteTeam "Pardubice"]
[BlackTeam "Oaza Loznice.cz"]
[WhiteTeamCountry "CZE"]
[BlackTeamCountry "CZE"]

1. e4 c5 2. Nf3 Nc6 3. d4 cxd4 4. Nxd4 g6 5. c4 Nf6 6. Nc3 Nxd4 7. Qxd4 d6 8. Be2 Bg7 9. Be3 0-0 10. Qd2 a5 11. 0-0 a4 12. Bd4 Bd7 13. b4 Be6 14. f3 Rc8 15. Nd5 Bxd5 16. exd5 Nd7 17. Bxg7 Kxg7 18. Kh1 Kg8 19. Rfe1 f5 20. Rac1 f4 21. Bd1 Ne5 22. Re4 Qd7 23. c5 g5 24. c6 bxc6 25. Bxa4 Qa7 26. Bxc6 Rf6 27. b5 Rcf8 28. Rb1 Qc5 29. b6 Nxc6 30. dxc6 Qxc6 31. Rxe7 Rb8 32. Qd4 Rf7 33. Re6 Rfb7 34. Rxd6 Rxb6 35. Rxb6 1-0

[Event "Antwerp World Uni blitz op"]
[Site "Antwerp"]
[Date "2022.09.14"]
[Round "7"]
[White "Eugene, Floryan"]
[Black "Hollan, Martin"]
[Result "1-0"]
[WhiteElo "2397"]
[BlackElo "2406"]
[PlyCount "99"]
[EventDate "2022.09.14"]
[EventType "swiss (blitz)"]
[EventRounds "9"]
[EventCountry "BEL"]
[SourceTitle "CBM 210 Extra"]
[Source "ChessBase"]
[SourceDate "2022.11.30"]
[SourceVersion "1"]
[SourceVersionDate "2022.11.30"]
[SourceQuality "1"]

1. e4 g6 2. d4 Nf6 3. Nc3 d5 4. exd5 Nxd5 5. Bc4 Nb6 6. Bb3 Bg7 7. Nf3 0-0 8. Be3 Nc6 9. h3 Na5 10. Qe2 Nxb3 11. axb3 Nd5 12. Nxd5 Qxd5 13. 0-0 Bf5 14. Rfd1 a6 15. Bf4 Be4 16. Ne1 Qf5 17. Bg3 Rfe8 18. f3 Bc6 19. Bxc7 Rac8 20. Be5 Rcd8 21. Bxg7 Kxg7 22. Qe5+ Qxe5 23. dxe5 f6 24. Nd3 Kf7 25. Nb4 Rxd1+ 26. Rxd1 fxe5 27. Nxc6 bxc6 28. Kf2 Ke6 29. Ke3 Rb8 30. Ra1 Rb6 31. Ra5 h6 32. h4 Kd6 33. Ra4 Ke6 34. h5 g5 35. g4 Kd5 36. Kd3 c5 37. Ra5 Kd6 38. Ke4 Rb4+ 39. Ke3 Rb6 40. Ke4 e6 41. Ke3 Kd5 42. Kd3 Kd6 43. Ra4 Ke7 44. Kc4 Kd6 45. c3 Kc6 46. Ra5 Kd6 47. Rxc5 Rb7 48. Ra5 Rf7 49. Rxa6+ Ke7 50. Ra7+ 1-0

[Event "Prague Summer op 9th"]
[Site "Prague"]
[Date "2022.08.07"]
[Round "4"]
[White "Hollan, Martin"]
[Black "Ehrlich, Roy"]
[Result "1/2-1/2"]
[WhiteElo "2381"]
[BlackElo "2183"]
[PlyCount "78"]
[EventDate "2022.08.05"]
[EventType "swiss"]
[EventRounds "9"]
[EventCountry "CZE"]
[SourceTitle "CBM 209 Extra"]
[Source "ChessBase"]
[SourceDate "2022.09.30"]
[SourceVersion "1"]
[SourceVersionDate "2022.09.30"]
[SourceQuality "1"]

1. e4 e6 2. d4 d5 3. Nc3 Bb4 4. Nge2 Nc6 5. a3 Ba5 6. b4 Bb6 7. Bb2 Nge7 8. Qd3 e5 9. Nxd5 Nxd5 10. exd5 Nxd4 11. Nxd4 exd4 12. Qe4+ Qe7 13. Qxe7+ Kxe7 14. 0-0-0 a5 15. b5 Bc5 16. a4 Kd6 17. Bxd4 Bxd4 18. Rxd4 Re8 19. Bd3 Bd7 20. Kd2 b6 21. Rf4 Re7 22. h4 h6 23. Be2 f6 24. Bf3 Rae8 25. Ra1 Bc8 26. Ra3 Re5 27. Rc3 Bb7 28. Rfc4 R8e7 29. Rc6+ Bxc6 30. Rxc6+ Kd7 31. d6 R7e6 32. Rxc7+ Kxd6 33. Rxg7 Rc5 34. Kd3 Rc7 35. Rg6 f5 36. Rg8 Re1 37. Rg6+ Re6 38. Rg8 Re1 39. Rg6+ Re6 1/2-1/2

[Event "Prague Summer op 9th"]
[Site "Prague"]
[Date "2022.08.05"]
[Round "1"]
[White "Zemlicka, Vit"]
[Black "Hollan, Martin"]
[Result "0-1"]
[WhiteElo "1961"]
[BlackElo "2381"]
[PlyCount "104"]
[EventDate "2022.08.05"]
[EventType "swiss"]
[EventRounds "9"]
[EventCountry "CZE"]
[SourceTitle "CBM 209 Extra"]
[Source "ChessBase"]
[SourceDate "2022.09.30"]
[SourceVersion "1"]
[SourceVersionDate "2022.09.30"]
[SourceQuality "1"]

1. e4 c5 2. Nf3 Nc6 3. d4 cxd4 4. Nxd4 g6 5. Nc3 Bg7 6. Be3 Nf6 7. Bc4 0-0 8. Bb3 Re8 9. 0-0 d6 10. h3 Na5 11. Qd3 Nxb3 12. axb3 b6 13. Nd5 Bb7 14. Nxf6+ exf6 15. f3 d5 16. exd5 Qxd5 17. Bf2 a6 18. c3 Re5 19. Qc4 Qd7 20. Rfd1 Rae8 21. Ne2 Qe7 22. Ng3 b5 23. Qd3 f5 24. Qd7 f4 25. Qxe7 R5xe7 26. Nf1 Re2 27. Re1 Rxe1 28. Rxe1 Rxe1 29. Bxe1 g5 30. b4 Bd5 31. Nd2 f5 32. Bf2 Kf7 33. Kf1 Ke6 34. Ke2 g4 35. Kd3 h5 36. Bd4 Bf8 37. b3 Be7 38. Bc5 Bh4 39. c4 Bc6 40. Bf8 Be1 41. Ke2 Bxd2 42. Kxd2 Bxf3 43. Bh6 Bxg2 44. Bxf4 Bxh3 45. Ke3 Bf1 46. c5 Bg2 47. Bg3 Bd5 48. Kf4 Bxb3 49. Kg5 a5 50. bxa5 Bd5 51. Kxh5 b4 52. Be1 b3 0-1

[Event "Pardubice Czech op-A 33rd"]
[Site "Pardubice"]
[Date "2022.07.25"]
[Round "4"]
[White "Redzisz, Michal"]
[Black "Hollan, Martin"]
[Result "0-1"]
[WhiteElo "2232"]
[BlackElo "2399"]
[PlyCount "88"]
[EventDate "2022.07.22"]
[EventType "swiss"]
[EventRounds "9"]
[EventCountry "CZE"]
[SourceTitle "CBM 209 Extra"]
[Source "ChessBase"]
[SourceDate "2022.09.30"]
[SourceVersion "1"]
[SourceVersionDate "2022.09.30"]
[SourceQuality "1"]

1. d4 Nf6 2. c4 g6 3. g3 Bg7 4. Bg2 0-0 5. Nc3 Nc6 6. Nf3 d5 7. cxd5 Nxd5 8. 0-0 e5 9. Nxe5 Nxc3 10. Nxc6 Nxd1 11. Nxd8 Nxf2 12. Nxb7 Nh3+ 13. Bxh3 Bxh3 14. Rd1 Bg4 15. Nc5 Bxe2 16. Rd2 Bg4 17. b3 Rad8 18. Bb2 Bh6 19. Rc2 Be3+ 20. Kg2 Bxd4 21. Bxd4 Rxd4 22. h3 Bf5 23. Re2 h5 24. Rc1 Rfd8 25. Kf2 Rd2 26. Nb7 R8d3 27. Rxc7 Rxe2+ 28. Kxe2 Rxg3 29. Nd6 Be6 30. Rxa7 Rxh3 31. b4 Rh2+ 32. Ke3 Rb2 33. b5 h4 34. Ra4 g5 35. Rd4 h3 36. Ne4 h2 37. Rd1 Rxb5 38. Rh1 Rb2 39. Nf2 Rxa2 40. Rxh2 Kg7 41. Rh1 Ra3+ 42. Ke2 g4 43. Rg1 f5 44. Kf1 Kf6 0-1